10 najbardziej spektakularnych skoków na nartach w XXI wieku - Statystyki

Ogólne statystyki
  • Ten quiz został rozwiązany 114 razy
  • Średni wynik to 8 z 10
Statystyki odpowiedzi
# Rok Odległość Miejscowość Państwo
zawodnika
Zawodnik % Poprawnych
4. 2019 148,5 m Sapporo Polska Kamil Stoch
96%
6. 2001 138,5 m Trondheim Polska Adam Małysz
93%
7. 2001 129,5 m Garmisch-Partenkirchen Polska Adam Małysz
93%
8. 2001 151,5 m Willingen Polska Adam Małysz
93%
2. 2018 147,5 m Ruka Japonia Ryoyu Kobayashi
90%
10. 2023 161,5 m Willingen Słowenia Timi Zajc
89%
9. 2003 152,0 m Willingen Finlandia Janne Ahonen
84%
1. 2013 220,0 m Harrachov Słowenia Jurij Tepes
71%
3. 2009 150,5 m Lillehammer Austria Gregor Schlierenzauer
68%
5. 2009 149,0 m Whistler Austria Gregor Schlierenzauer
68%
Nie znaleziono quizów pasujących do podanych kryteriów
Rozkład punktacji
Procent ludzi z każdym wynikiem
Percentyl według liczby udzielonych odpowiedzi
Twoja historia wyników
Nie rozwiązałeś tego quizu